| 000 | 00928nam a2200229 a 4500 | ||
|---|---|---|---|
| 999 |
_c11024 _d11024 |
||
| 001 | 11024 | ||
| 003 | BD-JhCC | ||
| 005 | 20190725135227.0 | ||
| 008 | 190725b20132017bg a|||| ||a| 000 0 ben d | ||
| 020 | _a984700080038 | ||
| 035 | _a(BD-JhCC)11024 | ||
| 040 |
_aBD-JhCC _dBD-JhCC |
||
| 041 | _aben | ||
| 082 |
_a954.9205 _bVUI 2017 |
||
| 100 | _aভুঁইইয়া, মেজর কামরুল হাসান | ||
| 245 |
_aমুক্তিযুদ্ধের শিশু-কিশোরদের আবদান / _cমেজর কামরুল হাসান ভুঁইইয়া । |
||
| 260 |
_aঢাকাঃ _bসেন্টার ফর বাংলাদেশ লিবারেশন ওয়ার স্টাডিজ; _c২০১৭. |
||
| 300 |
_a৭৯ পৃঃ . : _c২২ সেমি. |
||
| 650 | _aLiberation war ajuvinail liberation | ||
| 942 |
_2ddc _cBK |
||